1042 1549 1656 1626 1503 1594 1475 1061 1747 1549 1435 1597 1673 1249 1630 1235 1661 1775 1590 1877 1244 1064 1256 1885 1863 1451 1880 1630 1647 1468 1922 1950 1487 1900 1126 1169 1246 1089 1360 1506 1408 1521 1005 1842 1030 1929 1012 1534 1604 1577 1209 1099 1981 1959 1163 1564 1422 1861 1236 1078 1011 1218 1887 1525 1186 1220 1849 1853 1509 1169 1275 1243 1818 1123 1806 1320 1209 1841 1291 1586 1467 1875 1126 1144 1537 1307 1046 1510 1654 1919 1837 1276 1777 1142 1483 1546 1535 1266 1146 BCNSPRNW ULIB Ver.6.0+V

เปลี่ยนเป็นภาษาไทย

Change to English
 แสดงรายละเอียดบรรณานุกรม
  กลับหน้าหลัก

Brief Record : Get Marc (ISO 2709) : E-mail record : QR code < ปิดหน้าต่าง
LEADER : 00000nam 2200000uu 4500
001    13399120109
003     ULIB
008    020711s2552 th a 000 0 tha d
020    9786110600972
090    นว.^bต792จ
100    เตี่ยนซิน^eเขียน
245    จอมพยัคฆ์หญิง /^cเตี่ยนซิน
260    กรุงเทพฯ :^bแจ่มใส,^c2552
300    217 หน้า
700    พวงหยก,^eแปล
945    ^p159^l0^i026768
999    ^aทศพร
รายการนี้ยังไม่มีแท็ก
คุณยังไม่ได้ล็อกอิน คุณสามารถมีกิจกรรมร่วมกับเว็บไซต์ได้ แต่ต้องล็อกอินก่อน ::
  ล็อกอิน

รายการสื่อสารสนเทศ

ลำดับที่ ประเภท เลขเรียก/บาร์โค้ด สถานที่ สถานะ
1. นวนิยาย
นวนิยาย
นว. ต792จ ฉ.1 
  Barcode: 026768
ห้องสมุดวิทยาเขตสวรรค์ประชารักษ์
►นวนิยาย
บนชั้น
  ขอยืม

BibComment


ยังไม่เคยถูกคอมเมนท์

คอมเมนท์ทรัพยากรรายการนี้
  คอมเมนท์: จอมพยัคฆ์หญิง เต..


 Copyright 2026. Bcnsprnw @Library